[Event "Forni di Sopra 16th"]
[Site "Forni di Sopra"]
[Date "2025.06.12"]
[Round "7"]
[White "Aljameel, Sultan Anwar"]
[Black "Lugaresi, Gabriele"]
[Result "1-0"]
[WhiteElo "1824"]
[BlackElo "1937"]
[PlyCount "85"]
[EventDate "2025.06.07"]
[EventType "swiss"]
[EventRounds "9"]
[EventCountry "ITA"]
[SourceTitle "CB26_2025"]
[SourceDate "2025.06.25"]
[SourceVersion "1"]
[SourceVersionDate "2025.06.25"]
[SourceQuality "1"]

1. e4 e6 2. d3 d5 3. Qe2 Be7 4. Nf3 c5 5. g3 Nf6 6. Bg2 Nc6 7. 0-0 b5 8. e5 Nd7 9. h4 a5 10. a4 b4 11. c4 Nb6 12. b3 Ba6 13. Rd1 Qc7 14. Bf4 h6 15. h5 0-0-0 16. Nbd2 g5 17. hxg6 fxg6 18. cxd5 exd5 19. e6 Bd6 20. Bxd6 Qxd6 21. Rac1 Kb8 22. Qe3 Rhe8 23. Re1 d4 24. Qxh6 Bxd3 25. Ne4 Bxe4 26. Rxe4 Rxe6 27. Rxe6 Qxe6 28. Rxc5 d3 29. Qf4+ Qd6 30. Rxc6 Qxf4 31. gxf4 Nd5 32. Nd2 Nxf4 33. Be4 Ne2+ 34. Kg2 Ka7 35. f3 Rg8 36. Rd6 Nf4+ 37. Kf2 Rh8 38. Bxd3 g5 39. Bc4 Rh2+ 40. Ke3 Kb7 41. Ne4 Rg2 42. Rf6 Rg1 43. Nxg5 1-0

[Event "Forni di Sopra 16th"]
[Site "Forni di Sopra"]
[Date "2025.06.11"]
[Round "6"]
[White "Lugaresi, Gabriele"]
[Black "Bellincampi, Stefano"]
[Result "1/2-1/2"]
[WhiteElo "1937"]
[BlackElo "1922"]
[PlyCount "83"]
[EventDate "2025.06.07"]
[EventType "swiss"]
[EventRounds "9"]
[EventCountry "ITA"]
[SourceTitle "CB26_2025"]
[SourceDate "2025.06.25"]
[SourceVersion "1"]
[SourceVersionDate "2025.06.25"]
[SourceQuality "1"]

1. d4 Nf6 2. c4 e6 3. Nc3 Bb4 4. Qc2 d5 5. cxd5 exd5 6. Bg5 h6 7. Bh4 0-0 8. e3 c5 9. Nf3 Be6 10. Bd3 Nbd7 11. 0-0 Rc8 12. a3 cxd4 13. axb4 dxc3 14. bxc3 Qb6 15. Bg3 Ne4 16. Bxe4 dxe4 17. Qxe4 Rxc3 18. Qd4 Qxd4 19. Nxd4 Bc4 20. Rfd1 a6 21. Nf5 Nb6 22. Be5 Rb3 23. Bxg7 Re8 24. Rd6 Be6 25. Rxb6 Bxf5 26. Bxh6 Be4 27. Bf4 Bc6 28. h3 Rd8 29. Rxc6 bxc6 30. Rxa6 Rd2 31. g4 Rc2 32. Ra8+ Kh7 33. Be5 Rxb4 34. Rh8+ Kg6 35. Rg8+ Kh6 36. Rh8+ Kg6 37. Rg8+ Kh6 38. h4 Rcc4 39. Rh8+ Kg6 40. Rg8+ Kh6 41. Rh8+ Kg6 42. f4 1/2-1/2